Praktická aplikace zahraničných zkušeností v procesu privatizace.

Zásady trhového hospodárstva. Podnikanie a partnerstvo. Otvorené hospodárstvo. Daňový systém a daňové reformy. Sociálne zabezpečenie. Problematika privatizácie. Komercionalizácia štátneho podniku. Pomoc zahraničných investícií. Prechod k západnému štandardu účtovných výkazov.

Na minha lista:
Detalhes bibliográficos
Autor principal: Walló, V.
Formato: Capítulo de Livro
Idioma:tcheco
Assuntos:
Tags: Adicionar Tag
Sem tags, seja o primeiro a adicionar uma tag!

MARC

LEADER 00000naa a2200000 4500
001 r004022
005 20221125080846.2
041 0 |a cze 
044 |a [CS] 
245 1 0 |a Praktická aplikace zahraničných zkušeností v procesu privatizace.  |c V. Walló 
520 |a Zásady trhového hospodárstva. Podnikanie a partnerstvo. Otvorené hospodárstvo. Daňový systém a daňové reformy. Sociálne zabezpečenie. Problematika privatizácie. Komercionalizácia štátneho podniku. Pomoc zahraničných investícií. Prechod k západnému štandardu účtovných výkazov. 
610 2 0 |a privatizácia 
610 2 0 |a hospodárstvo trhové 
610 2 0 |a podnikanie 
610 2 0 |a sústava daňová 
610 2 0 |a zabezpečenie sociálne 
610 2 0 |a podnik štátny 
610 2 0 |a investície zahraničné 
610 2 0 |a výkazy účtovné 
610 2 0 |a ČSFR 
100 1 |a Walló, V.